Statistics for LeBron James Movies!

Click here to take the quiz!

General Stats

  • This quiz has been taken 6 times
  • The average score is 3 of 12

Answer Stats

HintAnswer% Correct
2022House Party
67%
2021Space Jam: A New Legacy
67%
2015Trainwreck
67%
2018Smallfoot
33%
2022Hustle
17%
2023Shooting Stars
17%
TBDFate of A Sport
0%
TBDFriday the 13th
0%
TBDRez Ball
0%
2023Untitled LeBron James Project
0%
2022Untitled NBA 75 Project
0%
TBDWhite Dave
0%

Score Distribution

Percentile by Number Answered

Percent of People with Each Score

Your Score History

You have not taken this quiz